Banking reforms and competition : (Record no. 138982)

MARC details
000 -LEADER
fixed length control field 00632nam a22001937a 4500
005 - DATE AND TIME OF LATEST TRANSACTION
control field 20170509115149.0
010 ## - LCCN (DPL NO)
LC control number ENG-117778
020 ## - INTERNATIONAL STANDARD BOOK NUMBER
Terms of availability 1850.00
International Standard Book Number 9789386224187
035 ## - SYSTEM CONTROL NUMBER
System control number EN-101310
037 ## - SOURCE OF ACQUISITION
Source of stock number/acquisition DBAD/PUB
082 ## - DEWEY DECIMAL CLASSIFICATION NUMBER
Classification number 332.10954
100 ## - MAIN ENTRY--PERSONAL NAME
Personal name Gupta, Renu
245 ## - TITLE STATEMENT
Title Banking reforms and competition :
Statement of responsibility, etc by Renu Gupta
Remainder of title structure, conduct and performance /
260 ## - PUBLICATION, DISTRIBUTION, ETC. (IMPRINT)
Place of publication, distribution, etc New Delhi
Name of publisher, distributor, etc Regal Publications
Date of publication, distribution, etc 2016
270 ## - ADDRESS
Address F-159, Rajouri Garden
City New Delhi
Postal code 110027
300 ## - PHYSICAL DESCRIPTION
Extent xv, 420p.
Dimensions 22cm(Hb)
500 ## - GENERAL NOTE
General note Includes bibliographical references and index
942 ## - ADDED ENTRY ELEMENTS (KOHA)
Source of classification or shelving scheme Dewey Decimal Classification
Item type English Books
Classification part 332.10954
Call number suffix GUP
Holdings
Withdrawn status Lost status Not for loan Collection code Home library Current library Date acquired Source of acquisition Cost, normal purchase price Full call number Barcode Copy number Cost, replacement price Koha item type
    Not For Loan Non-fiction D.B.Act.Division D.B.Act.Division 18/04/2017 DBAD/PUB 1850.00 332.10954 GUP EN-101310 1 1850.00 English Books

© Delhi Public Library
Hit Counter
free hit counter